书目信息 |
| 题名: |
新能源汽车概论
|
|
| 作者: | 宗俊平 , 费孝涛 , 高银龙 主编 | |
| 分册: | ||
| 出版信息: | 上海 同济大学出版社 2020.5 |
|
| 页数: | 153页 | |
| 开本: | 29cm | |
| 丛书名: | ||
| 单 册: | ||
| 中图分类: | U469.7 | |
| 科图分类: | ||
| 主题词: | 新能源--汽车--高等职业教育--教材 | |
| 电子资源: | ||
| ISBN: | 978-7-5608-9254-2 | |
| 000 | 00945nam0 2200265 45 | |
| 001 | 012001001269 | |
| 005 | 20140913112557.0 | |
| 010 | @a978-7-5608-9254-2@dCNY42.00 | |
| 100 | @a20210202d2020 em y0chiy50 ea | |
| 101 | 0 | @achi |
| 102 | @aCN@b310000 | |
| 105 | @ay z 000yy | |
| 106 | @ar | |
| 200 | 1 | @a新能源汽车概论@Axin neng yuan qi che gai lun@b专著@f宗俊平,费孝涛,高银龙主编 |
| 210 | @a上海@c同济大学出版社@d2020.5 | |
| 215 | @a153页@d29cm | |
| 300 | @a全国“十三五”新能源汽车专业规划精品教材 21世纪全国新能源汽车专业优秀教材 | |
| 330 | @a本书共分为六个项目,内容包括:新能源汽车基础知识、新能源汽车发展历程、纯电动汽车结构原理、混合动力汽车结构原理等。 | |
| 606 | 0 | @a新能源@x汽车@x高等职业教育@j教材 |
| 690 | @aU469.7@v5 | |
| 701 | 0 | @a宗俊平@Azong jun ping@4主编 |
| 701 | 0 | @a费孝涛@Afei xiao tao@4主编 |
| 701 | 0 | @a高银龙@Agao yin long@4主编 |
| 801 | 0 | @aCN@bBJSDL@c20211011 |
| 905 | @b1333703-6@dU469.7@e1038@f4 | |
| 新能源汽车概论/宗俊平,费孝涛,高银龙主编.-上海:同济大学出版社,2020.5 |
| 153页;29cm |
| 全国“十三五”新能源汽车专业规划精品教材 21世纪全国新能源汽车专业优秀教材 |
| ISBN 978-7-5608-9254-2:CNY42.00 |
| 本书共分为六个项目,内容包括:新能源汽车基础知识、新能源汽车发展历程、纯电动汽车结构原理、混合动力汽车结构原理等。 |
| ● |
| 相关链接 |
|
|
|
|
正题名:新能源汽车概论
索取号:U469.7/1038
 
预约/预借
| 序号 | 登录号 | 条形码 | 馆藏地/架位号 | 状态 | 备注 |
| 1 | 1333703 | 213337030 | 第二样本阅览室/ [索取号:U469.7/1038] | 在馆 | |
| 2 | 1333704 | 213337049 | 第三借阅区/ [索取号:U469.7/1038] | 在馆 | |
| 3 | 1333705 | 213337058 | 第三借阅区/ [索取号:U469.7/1038] | 在馆 | |
| 4 | 1333706 | 213337067 | 第三借阅区/ [索取号:U469.7/1038] | 在馆 |